000 00300pam a2200133 a 4500
020 _c
041 _aeng
100 _aErik Obeng .
245 _aMachanies Handbook
_hTextual Documents
260 _a[s.l]:
_bIndustrial Press
300 _a2512p.
700 _aF.D Jones.
_aH.L.Hoton.
930 _a16169
999 _c93069
_d93069